Alle Vorsitzenden der großen deutschen Parteien - Statistiken

Allgemein
  • Dieses Quiz wurde 278 mal gespielt
  • Das Durchschnittsergebnis liegt bei 36 aus 78
Antwortstatistiken
Partei Vorsitzende(r) % Korrekt
CDU Angela Merkel
97%
FDP Christian Lindner
91%
CSU Markus Söder
89%
CDU Helmut Kohl
88%
CDU Konrad Adenauer
88%
CDU Armin Laschet
84%
SPD Willy Brandt
84%
Grüne Annalena Baerbock
82%
SPD Gerhard Schröder
82%
Grüne Robert Habeck
82%
CSU Horst Seehofer
79%
CDU Ludwig Erhard
78%
CDU Kurt Georg Kiesinger
76%
CDU Annegret Kramp-Karrenbauer
75%
FDP Guido Westerwelle
71%
SPD Martin Schulz
71%
SPD Oskar Lafontaine
69%
Linke Oskar Lafontaine
69%
CSU Franz Josef Strauß
68%
SPD Saskia Esken
68%
CSU Edmund Stoiber
67%
SPD Andrea Nahles
66%
Grüne Claudia Roth
65%
AfD Alexander Gauland
63%
FDP Philipp Rösler
60%
SPD Sigmar Gabriel
60%
Grüne Cem Özdemir
59%
SPD Norbert Walter-Borjans
59%
AfD Frauke Petry
57%
CDU Wolfgang Schäuble
56%
FDP Hans-Dietrich Genscher
55%
AfD Tino Chrupalla
55%
AfD Bernd Lucke
54%
FDP Walter Scheel
54%
SPD Kurt Schumacher
52%
SPD Kurt Beck
50%
SPD Rudolf Scharping
50%
SPD Franz Müntefering
48%
Grüne Jürgen Trittin
48%
SPD Hans-Jochen Vogel
47%
CDU Rainer Barzel
46%
AfD Jörg Meuthen
45%
FDP Theodor Heuss
44%
Grüne Renate Künast
42%
SPD Johannes Rau
41%
SPD Erich Ollenhauer
40%
Linke Janine Wissler
37%
Linke Katja Kipping
37%
SPD Matthias Platzeck
34%
CSU Erwin Huber
30%
Linke Bernd Riexinger
29%
SPD Björn Engholm
29%
FDP Klaus Kinkel
29%
CSU Theo Waigel
27%
CSU Josef Müller
26%
Linke Klaus Ernst
26%
Linke Susanne Hennig-Wellsow
26%
FDP Otto Graf Lambsdorff
24%
Grüne Fritz Kuhn
23%
Linke Gesine Lötzsch
23%
Linke Lothar Bisky
23%
FDP Wolfgang Gerhardt
20%
AfD Konrad Adam
18%
Grüne Simone Peter
18%
CSU Hans Ehard
17%
CSU Hanns Seidel
16%
FDP Thomas Dehler
16%
FDP Martin Bangemann
15%
Grüne Reinhard Bütikofer
14%
FDP Erich Mende
13%
FDP Reinhold Maier
13%
Grüne Angelika Beer
11%
Grüne Gunda Röstel
11%
Grüne Antje Radcke
10%
FDP Franz Blücher
10%
Grüne Krista Sager
8%
Grüne Ludger Volmer
8%
Grüne Marianne Birthler
7%
Keine übereinstimmenden Quizze gefunden
Verteilung der Resultate
Anzahl Personen mit jedem Resultat
Perzentil nach korrekt beantworteten Fragen
Ihre Resultats-Entwicklung
Sie haben dieses Quiz noch nicht gespielt